Home Print Resources E-Books E-Journals IIMT Lecture Series Library Membership Form Book Recommendation Form Campus Tour Take AdmissionAbout Us Contact Us

COMPUTER APPLICATION FOR ENGINEERING (Record no. 7582)

000 -LEADER
fixed length control field 00355nam a2200145Ia 4500
003 - CONTROL NUMBER IDENTIFIER
control field OSt
005 - DATE AND TIME OF LATEST TRANSACTION
control field 20231116063642.0
008 - FIXED-LENGTH DATA ELEMENTS--GENERAL INFORMATION
fixed length control field 170524s9999 xx 000 0 und d
020 ## - INTERNATIONAL STANDARD BOOK NUMBER
International Standard Book Number 9789382174769
040 ## - CATALOGING SOURCE
Transcribing agency IIMT UNIVERSITY
100 ## - MAIN ENTRY--PERSONAL NAME
Personal name SONKER
245 #0 - TITLE STATEMENT
Title COMPUTER APPLICATION FOR ENGINEERING
260 ## - PUBLICATION, DISTRIBUTION, ETC.
Name of publisher, distributor, etc. NEW DELHI: VAYU EDUCATION
942 ## - ADDED ENTRY ELEMENTS (KOHA)
Source of classification or shelving scheme
Koha item type Book Bank
Holdings
Withdrawn status Lost status Source of classification or shelving scheme Damaged status Not for loan Home library Current library Date acquired Barcode Date last seen Uniform Resource Identifier Price effective from Koha item type Total Checkouts Date last checked out
          IIMT University Central Library Meerut IIMT University Central Library Meerut 05/30/2017 01-B-79936 05/30/2017 computer application 05/30/2017 Reference Book    
          IIMT University Central Library Meerut IIMT University Central Library Meerut 05/30/2017 01-B-79937 05/30/2017 computer application 05/30/2017 Reference Book    
          IIMT University Central Library Meerut IIMT University Central Library Meerut 05/30/2017 01-B-79938 12/27/2017 computer application 05/30/2017 Book Bank 1 11/29/2017
          IIMT University Central Library Meerut IIMT University Central Library Meerut 05/30/2017 01-B-79939 05/30/2017 computer application 05/30/2017 Book Bank    
          IIMT University Central Library Meerut IIMT University Central Library Meerut 05/30/2017 01-B-79940 05/30/2017 computer application 05/30/2017 Book Bank    
IIMT, Central Library. All Rights Reserved IIMT,UNIVERSITY © 2023
Implemented and Customised by I CLOUDE EMS
You Are OPAC Visitor No
free web counter

Powered by Koha